Youngest Ever Goalscorers in the UEFA Champions League - Statistics

General Stats
  • This quiz has been taken 190 times
    82 since last reset
  • The average score is 11 of 28
Answer Stats
Age For Against Nationality Score Date Answer % Correct
17 y 2m 6d Barcelona AS Monaco Spain 1:2 Sep 19, 2024 Lamine Yamal
92%
17y 10m 25d Barcelona Ferencvaros Spain 5:1 Oct 20, 2020 Pedri
80%
17y 1m 9d Barcelona Inter Milan Spain 2:1 Dec 10, 2019 Ansu Fati
75%
17y 7m 3d Arsenal Rosenborg Spain 5:1 Dec 7, 2004 Cesc Fàbregas
70%
17y 9m 16d Borussia Dortmund Manchester City England 1:2 Apr 14, 2021 Jude Bellingham
68%
17y 7m 4d Barcelona Schalke 04 Spain 1:0 Apr 1, 2008 Bojan Krkic
66%
18y 2m 1d AS Monaco Manchester City France 3:5 Feb 21, 2017 Kylian Mbappé
66%
18y 1m 27d Real Madrid Vfb Stuttgart Brazil 3:1 Sep 17, 2024 Endrick
63%
17y 11m 28d Bayern Munich Lazio Germany 4:1 Feb 23, 2021 Jamal Musiala
63%
17y 9m 25d Arsenal Fenerbahce Wales 5:2 Oct 21, 2008 Aaron Ramsey
56%
18y 2m 8d Dynamo Kiev Bayern Munich Ukraine 1:4 Dec 7, 1994 Andriy Shevchenko
51%
17y 11m 12d Manchester City Sevilla England 3:1 Nov 2, 2022 Rico Lewis
51%
17y 11m 17d Olympique Lyon Rosenberg France 2:1 Dec 6, 2005 Karim Benzema
42%
18y 2m 10d Bayern Munich PSV Eindhoven Paraguay 1:2 Oct 26, 1999 Roque Santa Cruz
35%
17y 7m 1d Dinamo Zagreb Olympique Lyon Croatia 1:7 Dec 7, 2011 Mateo Kovacic
24%
17y 11m 9d Barcelona Royal Antwerp Spain 2:3 Dec 13, 2023 Marc Guiu
21%
18y 2m 23d Inter Milan Anorthosis Italy 3:3 Nov 4, 2008 Mario Balotelli
21%
17y 9m 5d Borussia Dortmund Paris Saint-Germain France 1:1 Dec 13, 2023 Warren Zaïre-Emery
21%
17y 8m 21d FC Basel Ludogorets Switzerland 4:0 Nov 4, 2014 Breel Embolo
20%
18y 1m 13d Arsenal Olympiacos England 2:1 Sep 28, 2011 Alex Oxlade-Chamberlain
17%
17 y 4m 27d Club Brugge FC Porto Norway 4:0 Sep 13, 2022 Antonio Nusa
15%
17 y 3m 27d Royal Antwerp Barcelona Nigeria 3:2 Dec 13, 2023 George Ilenikhena
11%
17y 11m 24d FC Copenhagen Manchester United Sweden 4:3 Nov 8, 2023 Roony Bardghji
11%
18y 2m 19d Ajax Amsterdam Arsenal Netherlands 1:1 Feb 18, 2003 Nigel de Jong
10%
18y 1m 30d Bayern Munich Spartak Moscow Ghana 2:2 Nov 2, 1994 Samuel Kuffour
10%
17y 6m 10d Olympiacos Rosenborg Ghana 1:5 Oct 1, 1997 Peter Ofori-Quaye
4%
18y 1m 28d Levski Sofia Chelsea Bulgaria 1:3 Sep 27, 2006 Mariyan Ognyanov
1%
17y 7m 25d Sparta Prague Panathinaikos Czech Republic 1:2 Feb 27, 2002 Martin Klein
1%
No matching quizzes found
Score Distribution
Percent of People with Each Score
Percentile by Number Answered
Your Score History
You have not taken this quiz since the last reset